Accounting for Non-Accountants / A Manual for Managers and Students (Record no. 632)
[ view plain ]
| 000 -LEADER | |
|---|---|
| fixed length control field | 01424cam a22002054a 4500 |
| 005 - ΗΜΕΡΟΜΗΝΙΑ ΚΑΙ ΩΡΑ ΤΕΛΕΥΤΑΙΑΣ ΕΝΗΜΕΡΩΣΗΣ | |
| Πεδίο ελέγχου | 20250605163941.0 |
| 008 - FIXED-LENGTH DATA ELEMENTS--GENERAL INFORMATION | |
| Πεδίο ελέγχου σταθερού μήκους | 250528s ||||||||||||||||||||||||d |
| 035 ## - SYSTEM CONTROL NUMBER | |
| System control number | 15028 |
| 020 ## - ISBN | |
| ISBN | 749428597 |
| 040 ## - ΠΗΓΗ ΚΑΤΑΛΟΓΟΓΡΑΦΗΣΗΣ | |
| Φορέας πρωτότυπης καταλογογράφησης | MC Athens Campus Library |
| Γλώσσα καταλογογράφησης | Ελληνικά, Μοντέρνα (1453-) |
| Modifying agency | MC Athens Campus Library |
| Κανόνες περιγραφικής καταλογογράφησης | AACR2 |
| 245 1# - ΤΙΤΛΟΣ ΚΑΙ ΔΗΛΩΣΗ ΥΠΕΥΘΥΝΟΤΗΤΑΣ | |
| Τίτλος | Accounting for Non-Accountants / A Manual for Managers and Students |
| 250 ## - EDITION STATEMENT | |
| Edition statement | 5th |
| 260 ## - PUBLICATION, DISTRIBUTION, ETC. | |
| Name of publisher, distributor, etc. | Kogan Page, |
| Date of publication, distribution, etc. | 1999 |
| 300 ## - PHYSICAL DESCRIPTION | |
| Extent | 280 |
| 520 ## - SUMMARY, ETC. | |
| Summary, etc. | This fully revised and updated edition of a long-established practical handbook takes the reader through accounting and financial techniques in an easy-to-follow progressive way. Preface, The Annual Accounts, Financial Reporting, Financial Recording, The Profit and Loss Account, The Balance Sheet, Cash Flow Statement, Accounting for Different Business Organizations, Accounting for Inflation, Value Added, Financial Ratios, Other Performance Measures, Management Accounting, Costing Basics, Costing and Pricing, Marginal Costing, Standard Costing, Budgetary Control, Financial Management, The Cost of Capital, Capital Investment Appraisal, Managing Working Capital, Share Values, Mergers and Takeovers and Buy-Outs, Company Taxation, Overseas Transactions, Appendices, Financial Reporting Standards as September 1998, List of Acronyms, Glossary of Terms, Answers to Self-check Questions, Further Questions, Index. |
| 700 1# - ΠΡΟΣΘΕΤΗ ΑΝΑΓΡΑΦΗ--ΦΥΣΙΚΟ ΠΡΟΣΩΠΟ | |
| Personal name | Mott Graham |
| 9 (RLIN) | 861 |
| 942 ## - ADDED ENTRY ELEMENTS (KOHA) | |
| Koha item type | Books |
| Τύπος τεκμηρίου | Βιβλιοθήκη | Τρέχουσα τοποθεσία | Barcode | Αριθμός εισαγωγής | Ημερομηνία απόκτησης | Ταξιθετικό σύμβολο | Αριθμός αντιτύπου | Κατάσταση απόσυρσης | Κατάσταση χαμένου | Κατάσταση κατεστραμμένου | Μη δανεισμός | Σύνολο δανεισμών | Ημερομηνία τελευταίας εμφάνισης | Η τιμή ισχύει από |
|---|---|---|---|---|---|---|---|---|---|---|---|---|---|---|
| Books | MC Athens Campus Library | MC Athens Campus Library | 9780000006318 | 1253 | 05/06/2025 | 657/.95/0941 MOT | 1 | 05/06/2025 | 05/06/2025 |